MDQL
is popping MORE tags! Check the
thread
!
Quizzes
Events
Quiz Creation
Community
Videos
Private Events
Remove Ads
Sign In
Join for FREE
Feedback
Dark Mode
Quiz Categories
Sports
Geography
Music
Movies
Television
Just For Fun
Miscellaneous
History
Literature
Language
Science
Gaming
Entertainment
Religion
Holiday
For Kids
Quiz Lab
Recent
Popular Today
Quiz Kudos Today
Editor Picks
Curator Picks
Quizzes by...
Day
Popularity
Type
Ratings
Length
Year
Community
Subscriptions
Recent Discussions
Orange Saloon
Badges
Playlists
Quests
Create
Leaderboards
Showdown
Live 5
Trivia Bingo
Activity
Puzzle Library
Sporcle Events
Private Events
Virtual Trivia
Globe League
Become a Host
Pub Owners
SporcleCon
Opinionation
Our Games
Videos
Blog
Mobile Apps
Partnerships
Remove Ads and Go Orange
Feedback
Sports
Athletes
MLB
NBA
NHL
NFL
Soccer
Sports Teams
WWE
NCAA
Football
Premier League
Basketball
Baseball
Hockey
Golf
Tennis
Cricket
Rugby
Auto Racing
Olympics
World Cup
Sports
Athletes
MLB
NBA
NHL
NFL
Soccer
Sports Teams
WWE
NCAA
Football
Premier League
Basketball
Baseball
Hockey
Golf
Tennis
Cricket
Rugby
Auto Racing
Olympics
World Cup
Random Quiz
Search Sporcle
×
Quiz Lab
Quiz Lab
Sports
Sports Teams
Type in answers that appear in a list
Type in answers that appear in a list
Classic
Best Score? Go Orange.
Sports Team Word Search Stats
Can you name the Big 4 Sports Teams Hidden Within the Letters (Team Names can be found both forwards and backwards)?
By
shroomyshroom
5m
26 Questions
444 Plays
444 Plays
444 Plays
Comments
Comments
Give Quiz Kudos
Give Quiz Kudos
-
- Ratings
hide this ad
More Info
Replay
Link that replays current quiz
Next Quiz
Link to next quiz in quiz playlist
You Got
0%
They Got
Avg Score
71%
Avg Friend Score
Upgrade to see
Score Distribution
Jump to the score distribution portion of the page
Score
0/26
Timer
05:00
0
Plays Today
Scramble
Team
% Correct
N O L R T Q P B R A V E S R A E S G F O L
Braves
98.6%
P A C E R S C A N I T A C S G H A O U Y S
Pacers
97.3%
S U P W T C X B U Y K I L I G H T N I N G H
Lightning
93.9%
U J T B C D E A G L E S C A E T G H P B F
Eagles
83.1%
L J N B L U E J A Y S U I S A F V B H I R T A
Blue Jays
82.9%
S W F I K A P E R T V B R E D S O X Y Q A
Red Sox
82.2%
K A L I F O R T H U N D E R J A C K S Q S
Thunder
82.2%
V A T I P D B R O W N S A T K A R W C X G
Browns
81.1%
P I G S L A T I P A C X U G I O D C E P M L
Capitals
74.5%
W N C S B U C D S A Z X T E R I J N M P F
Cubs
73.9%
N F A S F E I H C L M B X S T U O V F G A W
Chiefs
72.7%
P O W A D M C S E U L B S C H I G T R Y
Blues
72.1%
H F C U X I P O A S D N F G A N G E L S E
Angels
72.1%
Scramble
Team
% Correct
J K F W A Q W I L D H E D I M B H J S C A
Wild
71.2%
H U M A R T B V S T A R S N D A R O D S A
Stars
70.3%
F D T V C U S K C U B L G F V A W R T M A
Bucks
68%
F D I N V C P M A S Q S G N I K I V U I S
Vikings
66.7%
A R F T J K R A M S G D C F A W R U O Z
Rams
65.8%
S Y A R O H F S D M C T R A U I M V O M C
Rays
61.7%
C I G A M N D O L A R T G V C A N I W E T
Magic
61.3%
P U O Z S S N O C L A F I U G A W E Q U D
Falcons
60.1%
K G R T A C S D R A Z I W U C A R P N F A
Wizards
59.7%
T E A H S U O W E N A N M F I Y H O K U N
Heat
59.2%
Q U R H N I S A D E T P T W I N S K A S T
Twins
54.3%
O I P C X B S I L M G F S R E Y L F R T A S
Flyers
44.1%
R U T O P S O R T S A F N J I C X L I M N A
Astros
40.3%
Quiz Playlist
Details
Report
Send in Message
Add To Playlist
More Info:
Based on the Country and Capital Word Search games by Enough.
Classic:
Type in answers that appear in a list
Last Updated: Feb 16, 2017
Quiz Scoreboard
CHALLENGE
Sign Up to Join the Scoreboard
Show All
Scores
Hide
Comments
May contain spoilers
Recently Published
Holiday 10x10 Sorting Gallery
by lukepisani3
Holiday
15m
Two Season TV Shows II
by 123Four
Television
10m
Image Sorting: Flags VI
by Barbecue
Geography
2m
More to Explore
Quiz From the Vault
Featured Blog Post
14 Easter Pick-up Lines to Find Eggs With
hide this ad
You Might Also Like...
Tags
Sports Teams Quiz
Big 4
search
Today's Top Quizzes in Sports
Browse Sports
hide this ad
Today's Top Quizzes in Sports Teams
Browse Sports Teams
Top Contributed Quizzes in Sports
1
Les meilleurs buteurs des matchs entre le PSG et l’OM
2
Les entraîneurs de l'OM et du PSG au 21e siècle
3
2022 World Cup Stars
4
Les joueurs passés par le PSG et l'OM
5
Players with Multiple 50 Home Run Seasons
6
FIFA Club World Cup Champions
7
Top 10 NHL Goal Scorers of All Time
8
Les joueurs passés par le LOSC et le RC Lens
9
Criteria MLB: Left Handed Sluggers
10
2023 MLB Unique Player Accomplishments
Explore More
Trending Topics
Harry Potter
Anime
Crossword
Disney
Marvel
Kpop
NBA
Country
Puzzle
The Office
NFL
Pokémon
Soccer
WWE
Song
hide this ad
More By:
shroomyshroom
Quiz
Plays
Rating
Category
Featured
Created
State's Largest Schools
5,112
2.49
Miscellaneous
Jul 18, 2010
Indian States and Union Territories
1,612
3.00
Geography
Mar 28, 2010
Who did they murder?
1,562
4.00
History
Jun 27, 2010
Countries that Persecute Christians
876
2.53
Geography
May 1, 2010
Countries in Native Languages
849
4.08
Geography
Apr 29, 2010
Go to Creator's Profile
Score Distribution
Quiz Creator Spotlight
shroomyshroom
Follow
Send a Message
Quizzes Created
-
Created Quiz Play Count
-
More By This Creator
Popular Quizzes Today
1
Find the US States - No Outlines Minefield
2
Colored Red Africa Blitz
3
Find the 'City' Movie
4
The Countries of the World
5
5x2 Blitz: Bands
6
Find the US States
7
Find the Countries of Europe - No Outlines Minefield
8
US States
More Sports Quizzes
The Scoop: 1980 Finals
Quiz Lab
Trending Quizzes
Colored Red Europe Blitz I
Colored Red Europe Blitz II
Colored Red Africa Blitz II
Colored Red Europe Blitz III
Colored Red Africa Blitz III
Recently Updated
Odd Team Out - Big 4 Players
pecheneg
Quick Pick: 20 Twenties
pecheneg
March Madness Men's Triple Doubles
pecheneg
How Do You Spell That?
pecheneg
Godzilla Movies
pecheneg
Grab Bag: 4-10 Letters
pecheneg
2024 March Madness Bracket
pecheneg
Famous TV Couples
Peacemaker
Champions League XIs: Real Madrid
pecheneg
Largest US Cities 1790-2010
pecheneg
Trending Topics
Harry Potter
Kpop
NBA
Marvel
Anime
Disney
Crossword
WWE
NFL
Pokémon
Song
The Office
Soccer
Puzzle
Country
Your Account Isn't Verified!
In order to create a playlist on Sporcle, you need to verify the email address you used during registration. Go to your
Sporcle Settings
to finish the process.
Report this User
Report this user for behavior that violates our
Community Guidelines
.
Details:
Send Report
Go to the Sporcle.com Mobile Site →
Comments